Hand book of Dairy farming / (Record no. 33)

MARC details
000 -LEADER
fixed length control field 00933nam a22002057a 4500
001 - CONTROL NUMBER
control field BD-DhSAU 33
003 - CONTROL NUMBER IDENTIFIER
control field BD-DhSAU
005 - DATE AND TIME OF LATEST TRANSACTION
control field 20140609105955.0
008 - FIXED-LENGTH DATA ELEMENTS--GENERAL INFORMATION
fixed length control field 131208b ii a|||| |||| 001 0 eng d
020 ## - INTERNATIONAL STANDARD BOOK NUMBER
International Standard Book Number 8186732667
Terms of availability RS. 375
040 ## - CATALOGING SOURCE
Transcribing agency BD-DhSAU
082 ## - DEWEY DECIMAL CLASSIFICATION NUMBER
Edition number 22
Classification number 636.2120202 / HAN
110 ## - MAIN ENTRY--CORPORATE NAME
Corporate name or jurisdiction name as entry element EIRI Board of Consultants & Engineers
245 ## - TITLE STATEMENT
Title Hand book of Dairy farming
Remainder of title to product Milk with Packaging /
Statement of responsibility, etc. EIRI Board of Consultants & Engineers
260 ## - PUBLICATION, DISTRIBUTION, ETC. (IMPRINT)
Place of publication, distribution, etc. Delhi, India:
Name of publisher, distributor, etc. EIRI,
Date of publication, distribution, etc. 2007
300 ## - PHYSICAL DESCRIPTION
Extent (vi), 176 p. :
Other physical details ill.;
Dimensions 22 cm.
500 ## - GENERAL NOTE
General note Dairy Farm, Ration, Housing, Livestock management, Care manufacturing process, clean milk production, Dairy cattle economics, Diseases of animals, suppliers of equipment, packaging of milk.
650 ## - SUBJECT ADDED ENTRY--TOPICAL TERM
Topical term or geographic name as entry element Animal husbandary-Handbook
856 ## - ELECTRONIC LOCATION AND ACCESS
Uniform Resource Identifier <a href="http://books.google.com.bd/books?id=5TCCZwEACAAJ&dq=8186732667&hl=en&sa=X&ei=zTOkUpWCLMmKrQfA-IDACQ&ved=0CCgQ6AEwAA">http://books.google.com.bd/books?id=5TCCZwEACAAJ&dq=8186732667&hl=en&sa=X&ei=zTOkUpWCLMmKrQfA-IDACQ&ved=0CCgQ6AEwAA</a>
942 ## - ADDED ENTRY ELEMENTS (KOHA)
Source of classification or shelving scheme Dewey Decimal Classification
Koha item type Book
Holdings
Withdrawn status Lost status Source of classification or shelving scheme Damaged status Not for loan Home library Branch Name Date acquired Total Checkouts Full call number Barcode Date last seen Date checked out Price effective from Koha item type Collection code Shelving location
    Dewey Decimal Classification     SAU Library SAU Library 08/12/2013 1 636.2120202 / HAN 34813 27/02/2025 02/02/2025 08/12/2013 Book    
    Dewey Decimal Classification   Not For Loan SAU Library SAU Library 27/07/2009   636.2120202 / HAN 34812 30/05/2015   30/05/2015 Book Reference Reference
    Dewey Decimal Classification     SAU Library SAU Library 09/07/2027   636.2120202 / HAN 34814 13/06/2015   13/06/2015 Book   General Stacks